000 00774nam a2200229Ii 4500
003 JO-AjNU
008 230605s9999||||xx |||||||||||||| ||und||
017 _a3250
020 _a977-358-053-9
040 _aJO-AjNU
_bara
_erda
_cJO-AjNU
041 _aara
050 1 4 _aHF1411.M422.2004
100 3 _aالمخادمي،عبد القادر رزيق,
_eauthor
_913224
245 0 0 _aالحوار بين الشمال والجنوب:نحو علاقات اقتصادية عادلة
250 _aط1
264 3 1 _aالقاهرة:دار الفجر للنشر والتوزيع؛2004
300 _a181ص
336 _atext
_btxt
_2rdacontent
337 _aunmediated
_bn
_2rdamedia
338 _avolume
_bnc
_2rdacarrier
650 4 _aالسياسة الاقتصادية 
_913225
999 _aA3236
_c6804
_d6804